Jacques Laurent : biographie /

Bibliographic Details
Main Author: Saint Vincent, Bertrand de
Format: Book
Language:French
Published: Paris : Julliard, [1995]
Subjects:

MARC

Tag First Indicator Second Indicator Subfields
LEADER 00000cam a2200000 a 4500
001 in00001269621
005 20151003095821.0
008 950810s1995 fr af 000 0bfre d
020 |a 2260012302 :  |c 140 FF 
035 |a (OCoLC)32949066 
035 |9 AGV9699AM 
040 |a FBF  |b fre  |c FBF  |d NYP  |d DGU  |d TXA  |d UtOrBLW 
049 |a TXAM 
090 |a PQ2623.A834  |b Z85 1995 
092 |a 840  |f LAU 
100 1 |a Saint Vincent, Bertrand de. 
245 1 0 |a Jacques Laurent :  |b biographie /  |c Bertrand de Saint Vincent. 
264 1 |a Paris :  |b Julliard,  |c [1995] 
264 4 |c ©1995 
300 |a 451 pages, 12 unnumbered pages of plates :  |b illustrations ;  |c 23 cm. 
336 |a text  |b txt  |2 rdacontent 
337 |a unmediated  |b n  |2 rdamedia 
338 |a volume  |b nc  |2 rdacarrier 
600 1 0 |a Laurent, Jacques,  |d 1919-2000. 
600 1 7 |a Laurent, Jacques,  |d (1919-...)  |x Biographie.  |2 ram 
999 |a MARS 
999 f f |s f792470e-bb9d-3149-a887-a633b1051c51  |i 995fbe5a-f4ec-3474-b7f4-6a98310f9099  |t 0 
952 f f |p normal  |a Texas A&M University  |b College Station  |c Sterling C. Evans Library  |d Evans: Library Stacks  |t 0  |e PQ2623.A834 Z85 1995  |h Library of Congress classification  |i unmediated -- volume  |m A14819581612 
998 f f |a PQ2623.A834 Z85 1995  |t 0  |l Evans: Library Stacks